00445 2200169 4500001002100000008004100021035002000062245006800082250001000150260003200160300001500192020001800207084001600225082001000241650001300251990001100264INLIS000000000000498 ind  a0010-0722000047 aSiapa Bilang Remaja Dilarang Sukses? Enak Aja!cGamal Komandoko acet:1 aYogyakarta:bGarailmuc2009 a232c20 cm a9789799637857 a158.1 GAM s a158.1 aMotivasi aDI.494